| 000 | 00573cam a22001934a 4500 | ||
|---|---|---|---|
| 020 | _a007287290X (alk. paper) | ||
| 020 | _a007111114X (international : alk. paper) | ||
| 040 | _cDLC | ||
| 082 | 0 | 0 | _a658 HIL 2005 A055 Or. |
| 100 | 1 | _aDess, Gregory G. | |
| 245 | 1 | 0 |
_aStrategic management : _bcreating competitive advantages / |
| 250 | _a2nd ed. | ||
| 260 |
_aBoston : _bMcGraw-Hill/Irwin, _cc2005. |
||
| 300 |
_axxix, 530 p. : _bill. (some col.) ; _c26 cm. |
||
| 650 | 0 | _aStrategic planning. | |
| 700 | 1 | _aLumpkin, G. T. | |
| 700 | 1 | _aTaylor, Marilyn L. | |
| 942 | _cEK | ||
| 999 |
_c15294 _d15294 |
||